000 00900nam a22002537a 4500
003 BD-DhSAU
005 20211003124718.0
008 210929b |||||||| |||| 00| 0 eng d
040 _aBD-DhSAU
082 _222
_a635
_bK112
100 _aKabir, Humaun
_eRegistration No.:# 13-05600
245 _aEffect of plant spacing and nutrint managment on growth yield and essential oil content of dill (anethum graveolens L.) /
_bMs Thesis
260 _aSher-e-bangla Agricultural University Dhaka 1207;
_bDepartment of Horticulture;
_c2020;
300 _axi;
_b90p.;
_c30cm.;
500 _aIncluding Index.;
590 _anazmul
600 _qplant spacing
610 _anutrint managment
650 _ail content of dill (anethum graveolens L.)
700 _aDr. Abul Hasnat M. Solaiman
_eSupervisor
710 _aprof. Md. Jahedur Rahman
_eCo-Supervisor
856 _yNo
942 _2ddc
_cTHESIS
999 _c15483
_d15482